000
00304nam a2200133Ia 4500
100
_a
Rajaraman/V
942
_c
BK
654
_a
computer
245
_a
Computer programming in Pascal
260
_b
Prentice Hall of India
_a
New Dellhi
_c
1992
082
_a
1.6424
_b
RAJ
300
_a
219
546
_a
ENGLISH
999
_c
31785
_d
31785